000
00188nam a2200109Ia 4500
100
_a
#N/A
490
_v
I
942
_c
BK
245
_a
Seeds of Peace
260
_b
DBF
546
_a
ENGLISH
999
_c
31565
_d
31565